| 000 | 00570nam a2200181 a 4500 | ||
|---|---|---|---|
| 001 | 000028544 | ||
| 005 | 20200930055012.0 | ||
| 008 | 110411s1998 dr c 000 0 spa d | ||
| 040 |
_aDO-SdBNP _bspa _cBNPHU |
||
| 041 | 1 |
_aspa _beng |
|
| 082 |
_axxxx _bS491m |
||
| 110 | 2 |
_aServicio Social de Iglesias Dominicanas _955503 |
|
| 245 | 1 | 0 |
_aMemoria anual 1998 = Annual report 98 / _cprólogo José Alcántara. |
| 260 |
_aSanto Domingo : _bMedinas & Asocs., _c[1998?]. |
||
| 300 |
_a55 p. : _bretrs. ; _c27 cm. |
||
| 700 | 1 | 2 |
_aAlcántara, José, _epról. _928724 |
| 049 | _aBNPD | ||
| 999 |
_c28036 _d28036 |
||